Model 42 Chemiluminescence No-NO2-NOx Analyzer Instruction Manual (Record no. 356117)

000 -LEADER
fixed length control field 00597nam a22001697a 4500
003 - CONTROL NUMBER IDENTIFIER
control field NUST
005 - DATE AND TIME OF LATEST TRANSACTION
control field 20180123150659.0
008 - FIXED-LENGTH DATA ELEMENTS--GENERAL INFORMATION
fixed length control field 180123b xxu||||| |||| 00| 0 eng d
040 ## - CATALOGING SOURCE
Transcribing agency 0
082 ## - DEWEY DECIMAL CLASSIFICATION NUMBER
Classification number 09 MAN
245 ## - TITLE STATEMENT
Title Model 42 Chemiluminescence No-NO2-NOx Analyzer Instruction Manual
260 ## - PUBLICATION, DISTRIBUTION, ETC.
Place of publication, distribution, etc. Franklin MA
Name of publisher, distributor, etc. Thermo Environmental Instruments
Date of publication, distribution, etc. 1975
300 ## - PHYSICAL DESCRIPTION
Extent Various pages
500 ## - GENERAL NOTE
General note Photocopy
942 ## - ADDED ENTRY ELEMENTS (KOHA)
Source of classification or shelving scheme
Koha item type Book
Call number prefix IESE
Holdings
Withdrawn status Lost status Source of classification or shelving scheme Damaged status Not for loan Collection code Permanent Location Current Location Shelving location Date acquired Total Checkouts Full call number Barcode Date last seen Price effective from Koha item type
            Institute of Environmental Science and Engineering (IESE) Institute of Environmental Science and Engineering (IESE) General Stacks 01/23/2018   09 MAN IESE-2475 01/23/2018 01/23/2018 Book
© 2023 Central Library, National University of Sciences and Technology. All Rights Reserved.